Bintang teristimewa (Record no. 104927)

MARC details
000 -LEADER
fixed length control field 00681nam a2200253 i 4500
001 - CONTROL NUMBER
control field C2-0301108
003 - CONTROL NUMBER IDENTIFIER
control field PPAK
005 - DATE AND TIME OF LATEST TRANSACTION
control field 20180728082503.0
008 - FIXED-LENGTH DATA ELEMENTS--GENERAL INFORMATION
fixed length control field 091202s2009 my |||| ||||| | may d
020 ## - INTERNATIONAL STANDARD BOOK NUMBER
International Standard Book Number 9789833316717
040 ## - CATALOGING SOURCE
Original cataloging agency PPAK
Language of cataloging eng
Transcribing agency PPAK
Description conventions rda
082 04 - DEWEY DECIMAL CLASSIFICATION NUMBER
Classification number 899.233
Edition number 23
090 00 - LOCALLY ASSIGNED LC-TYPE CALL NUMBER (OCLC); LOCAL CALL NUMBER (RLIN)
Classification number (OCLC) (R) ; Classification number, CALL (RLIN) (NR) 899.233
Feature heading SHA
Feature heading G
100 0# - MAIN ENTRY--PERSONAL NAME
Personal name Shazly MF,
Relator term author
245 10 - TITLE STATEMENT
Title Bintang teristimewa
264 #1 - PRODUCTION, PUBLICATION, DISTRIBUTION, MANUFACTURE, AND COPYRIGHT NOTICE
Place of production, publication, distribution, manufacture Bandar Baru Bangi, Selangor :
Name of producer, publisher, distributor, manufacturer KarnaDya Solutions ,
Date of production, publication, distribution, manufacture, or copyright notice 2009
300 ## - PHYSICAL DESCRIPTION
Extent 220 pages ;
Dimensions 19 cm
336 ## - CONTENT TYPE
Source rdacontent
Content type term text
337 ## - MEDIA TYPE
Source rdamedia
Media type term unmediated
338 ## - CARRIER TYPE
Source rdacarrier
Carrier type term volume
650 10 - SUBJECT ADDED ENTRY--TOPICAL TERM
Topical term or geographic name entry element Malay fiction.
700 0# - ADDED ENTRY--PERSONAL NAME
Personal name Selina,
Relator term editor
942 ## - ADDED ENTRY ELEMENTS (KOHA)
-- dc
Koha item type Book
Holdings
Withdrawn Not for loan Current library Shelving location Date acquired Total Checkouts Full call number Barcode Date last seen Koha item type
    Perpustakaan Alor Setar Pinjaman Dewasa 16/10/2016   899.233 SHA A00879300 09/05/2018 Book
    PD04, Kg. Bukit Nambua, Kuala Nerang Pinjaman Dewasa 13/03/2017   899.233 SHA A00730309 09/05/2018 Book
    PD25, KEDA Batu 13, Pokok Sena Pinjaman Dewasa 21/07/2014   899.233 SHA A00870412 09/05/2018 Book
    PD31, Kg. Gelam, Bedong Pinjaman Dewasa 09/12/2009   899.233 SHA A01318852 09/05/2018 Book
    PD33, Kg. Belau, Merbok Pinjaman Dewasa 09/12/2009   899.233 SHA A01318854 09/05/2018 Book
    PD38, KEDA Tanjung Setol, Pendang Pinjaman Dewasa 10/12/2014   899.233 SHA A00871933 09/05/2018 Book
    PD39, Felda Bukit Tembaga, Kuala Nerang Pinjaman Dewasa 16/07/2014   899.233 SHA A00870256 09/05/2018 Book
    T-PD32, Kg. Thye Eng, Bedong Pinjaman Dewasa 09/12/2009   899.233 SHA A01318853 09/05/2018 Book